Report on the World Current Account Discrepancy.Final Report of the Working Party on the Statistical Discrepancy in World Current Account Balances (Record no. 437)
[ view plain ]
| 000 -LEADER | |
|---|---|
| fixed length control field | 00710nam a22002057i 4500 |
| 001 - CONTROL NUMBER | |
| control field | 443 |
| 003 - CONTROL NUMBER IDENTIFIER | |
| control field | OSt |
| 005 - DATE AND TIME OF LATEST TRANSACTION | |
| control field | 20170817111642.0 |
| 007 - PHYSICAL DESCRIPTION FIXED FIELD--GENERAL INFORMATION | |
| fixed length control field | tu |
| 008 - FIXED-LENGTH DATA ELEMENTS--GENERAL INFORMATION | |
| fixed length control field | 161220s1987 xxu||||| |||| 00| 0 d |
| 024 7# - OTHER STANDARD IDENTIFIER | |
| Standard number or code | 442 |
| Source of number or code | RID |
| 040 ## - CATALOGING SOURCE | |
| Transcribing agency | OSt |
| 084 ## - OTHER CLASSIFICATION NUMBER | |
| Classification number | 11.33 |
| -- | 11.331 |
| -- | 11.352 |
| Number source | z |
| 245 00 - TITLE STATEMENT | |
| Title | Report on the World Current Account Discrepancy.Final Report of the Working Party on the Statistical Discrepancy in World Current Account Balances |
| 260 ## - PUBLICATION, DISTRIBUTION, ETC. | |
| Place of publication, distribution, etc. | Washington,D.C., |
| Date of publication, distribution, etc. | 1987. |
| 300 ## - PHYSICAL DESCRIPTION | |
| Extent | 182 S. ; |
| Dimensions | 30cm. |
| 710 2# - ADDED ENTRY--CORPORATE NAME | |
| Corporate name or jurisdiction name as entry element | International Monetary Fund (IMF) |
| Relator term | Ed. |
| 942 ## - ADDED ENTRY ELEMENTS (KOHA) | |
| Koha item type | Book |
| Withdrawn status | Lost status | Damaged status | Not for loan | Home library | Current library | Shelving location | Date acquired | Inventory number | Total Checkouts | Full call number | Barcode | Date last seen | Price effective from | Koha item type |
|---|---|---|---|---|---|---|---|---|---|---|---|---|---|---|
| WIIW | WIIW | Souterrain | 06/26/1992 | 443 | II-4.861 | 300441 | 01/26/2017 | 01/26/2017 | Book |
